Every BFDI Character - Statistics

General Stats
  • This quiz has been taken 46 times
  • The average score is 19 of 22
Answer Stats
Letter Answer % Correct
B Bubble
94%
B Blocky
92%
D (joined in "Reveal Novum") David
92%
C Coiny
89%
F Firey
89%
F Flower
89%
G Golf Ball
86%
I Ice Cube
86%
L Leafy
86%
P Pen
86%
P Pin
86%
P (claims they were a contestant in "The Hidden Contestant") Profily
86%
S Snowball
83%
M Match
81%
P Pencil
81%
R Rocky
81%
W Woody
81%
N Needle
78%
S Spongy
78%
T Tennis Ball
78%
E Eraser
75%
T Teardrop
75%
No matching quizzes found
Score Distribution
Percent of People with Each Score
Percentile by Number Answered
Your Score History
You have not taken this quiz